[Event "OLOB 1920 SF Schöneck - SV Medizin Erf"]
[Site "?"]
[Date "2020.02.29"]
[Round "8.4"]
[White "Nazarenus, Moritz"]
[Black "Grund, Sebastian"]
[Result "1-0"]
[WhiteElo "2220"]
[BlackElo "1875"]
[PlyCount "51"]
[EventDate "2020.??.??"]

{[%evp 0,38,28,18,20,-16,51,54,73,72,56,50,50,52,52,51,51,51,51,29,26,47,63,65,
106,67,35,5,119,119,127,126,126,53,53,39,18,-1,21,23,23]} 1. d4 Nf6 2. c4 g6 3.
Nc3 d5 4. cxd5 Nxd5 5. e4 Nxc3 6. bxc3 Bg7 7. Nf3 c5 8. Be3 O-O 9. Qd2 cxd4 10.
cxd4 Nc6 11. h3 e5 12. d5 Nd4 13. Nxe5 Bxe5 14. Bxd4 Re8 15. Bxe5 Rxe5 16. f3
f5 17. Bd3 Qxd5 18. O-O Qd4+ 19. Kh1 Be6 20. Rad1 Qa4 21. Qb2 Qa5 22. Qxb7 Rf8
23. exf5 Bxf5 24. Bc4+ Kh8 25. Qb2 g5 26. Rd5 1-0

[Event "OLOB 1920 SF Schöneck - SV Medizin Erf"]
[Site "?"]
[Date "2020.02.29"]
[Round "8.5"]
[White "Mueller-Ludwig, Kristin"]
[Black "Schaack, Harry"]
[Result "1/2-1/2"]
[WhiteElo "2055"]
[BlackElo "2189"]
[PlyCount "50"]
[EventDate "2020.??.??"]

{[%evp 0,50,28,28,83,65,65,30,47,40,67,51,51,44,41,31,21,12,20,31,31,31,25,10,
20,14,35,1,0,5,41,-11,22,4,48,14,-1,-29,-32,-19,-1,-59,-57,-63,-58,-28,-28,-28,
-8,-28,-39,-29,-5]} 1. e4 c6 2. d4 d5 3. Nc3 dxe4 4. Nxe4 Bf5 5. Ng3 Bg6 6. Nf3
Nd7 7. h4 h6 8. h5 Bh7 9. Bd3 Bxd3 10. Qxd3 Ngf6 11. Bd2 e6 12. O-O-O Be7 13.
Qe2 O-O 14. Kb1 c5 15. Bc1 Re8 16. Ne4 Qb6 17. dxc5 Nxc5 18. Nxf6+ Bxf6 19. Ne5
Rad8 20. Rxd8 Rxd8 21. Rh3 Bxe5 22. Qxe5 Rd5 23. Qb8+ Rd8 24. Qe5 Rd5 25. Qb8+
Rd8 1/2-1/2

[Event "OLOB 1920 SF Schöneck - SV Medizin Erf"]
[Site "?"]
[Date "2020.02.29"]
[Round "8.6"]
[White "Meyer, Kai-Christian"]
[Black "Kirschbaum, Gunnar"]
[Result "1-0"]
[WhiteElo "2230"]
[BlackElo "2034"]
[PlyCount "35"]
[EventDate "2020.??.??"]

{[%evp 0,34,30,27,32,14,65,30,36,12,19,30,21,30,41,28,21,-4,30,52,81,54,59,59,
62,68,79,79,132,133,383,383,388,371,371,29988,29989]} 1. d4 Nf6 2. Nf3 g6 3.
Bg5 Bg7 4. Nbd2 d5 5. e3 O-O 6. Bd3 b6 7. Qe2 Bb7 8. h4 Ne4 9. h5 Nxg5 10. Nxg5
Nd7 11. hxg6 hxg6 12. Qg4 Nf6 13. Qh4 Re8 14. Ndf3 Ne4 15. Bxe4 dxe4 16. Qh7+
Kf8 17. Ne6+ fxe6 18. Ng5 1-0

[Event "OLOB 1920 SF Schöneck - SV Medizin Erf"]
[Site "?"]
[Date "2020.02.29"]
[Round "8.7"]
[White "Reichel, Norbert"]
[Black "Kirchner, Markus"]
[Result "1/2-1/2"]
[WhiteElo "2078"]
[BlackElo "2006"]
[PlyCount "42"]
[EventDate "2020.??.??"]

{[%evp 0,42,28,33,70,37,44,44,78,81,77,54,47,58,50,49,90,52,81,57,64,64,54,24,
83,62,62,35,67,98,85,69,100,19,-22,-15,30,48,68,18,62,46,38,19,84]} 1. d4 f5 2.
c4 Nf6 3. Nf3 g6 4. g3 Bg7 5. Bg2 O-O 6. O-O d6 7. Nc3 c6 8. Rb1 Qc7 9. Bf4 Nh5
10. Bd2 e5 11. e3 Qf7 12. d5 h6 13. Be1 Qe7 14. Nh4 Kh7 15. f4 Nf6 16. Nf3 e4
17. Nd4 Rd8 18. b4 Ng4 19. Nc2 Qc7 20. h3 Nf6 21. Nd4 a6 1/2-1/2

[Event "OLOB 1920 SV Oberursel - SV 1861 Liebsc"]
[Site "?"]
[Date "2020.02.29"]
[Round "8.1"]
[White "Gerhardt, Frank"]
[Black "Margolin, Boris"]
[Result "1/2-1/2"]
[WhiteElo "2205"]
[BlackElo "2401"]
[PlyCount "141"]
[EventDate "2020.??.??"]

{[%evp 0,54,20,15,15,15,23,17,25,0,29,26,49,38,52,52,30,1,8,17,15,-11,-9,-20,
17,0,62,15,44,24,50,24,76,-21,-55,-52,-46,-46,-60,-91,-82,-49,-31,-51,-60,-62,
-46,-47,-62,-76,-105,-111,-121,-128,-101,-117,-211]} 1. e4 e5 2. Nf3 Nc6 3. Bb5
a6 4. Ba4 f5 5. d3 fxe4 6. dxe4 Nf6 7. O-O d6 8. h3 Be7 9. Nc3 O-O 10. Be3 Kh8
11. a3 Qe8 12. Bb3 Bd8 13. Kh1 Nh5 14. Nd5 Ne7 15. Ng5 Nxd5 16. Bxd5 Nf4 17.
Bxf4 Rxf4 18. Nf3 Qg6 19. Qd3 c6 20. Bb3 Be7 21. Nd2 Bd7 22. Rae1 Raf8 23. Re2
b5 24. f3 Rh4 25. Rff2 Bg5 26. Nf1 Bf4 27. a4 Bxh3 28. gxh3 Rxh3+ 29. Rh2 Bxh2
30. Nxh2 Rg3 31. Re1 Qh6 32. Rf1 Rf4 33. Rf2 Rh4 34. Qd2 Qf6 35. Qe2 g5 36. c3
Qf4 37. Bd1 Rgh3 38. Kg1 Rg3+ 39. Kh1 h5 40. Qd2 Qf6 41. axb5 axb5 42. b3 Rgh3
43. Kg1 Rg3+ 44. Kh1 Kg7 45. c4 bxc4 46. bxc4 Kf8 47. Qb2 c5 48. Qb8+ Kg7 49.
Qc7+ Kh6 50. Rd2 Rgh3 51. Kg1 Rxh2 52. Rxh2 Rxh2 53. Kxh2 Qf4+ 54. Kh1 Qd2 55.
Ba4 g4 56. fxg4 Qe1+ 57. Kh2 Qf2+ 58. Kh1 Qf1+ 59. Kh2 Qf2+ 60. Kh1 Qh4+ 61.
Kg1 Qxg4+ 62. Kf1 Qf3+ 63. Kg1 Qe3+ 64. Kh2 Qd2+ 65. Kh1 Qe1+ 66. Kh2 Qf2+ 67.
Kh1 Qf3+ 68. Kh2 Qf2+ 69. Kh1 Qe1+ 70. Kh2 Qd2+ 71. Kh1 1/2-1/2

[Event "OLOB 1920 SV Oberursel - SV 1861 Liebsc"]
[Site "?"]
[Date "2020.02.29"]
[Round "8.2"]
[White "Heinz, Axel"]
[Black "Hermannsdoerfer, Frank"]
[Result "1-0"]
[WhiteElo "2441"]
[BlackElo "2155"]
[PlyCount "87"]
[EventDate "2020.??.??"]

{[%evp 0,50,20,12,82,75,91,80,103,71,68,72,78,63,66,68,61,53,61,31,26,20,61,72,
76,35,77,42,65,31,44,25,22,40,51,53,36,-27,71,47,73,62,67,-2,39,50,76,0,107,93,
103,125,115]} 1. e4 d6 2. d4 Nf6 3. Nc3 e5 4. Nf3 Nbd7 5. Bc4 Be7 6. O-O c6 7.
a4 O-O 8. Re1 a5 9. Ba2 h6 10. h3 Nh7 11. Be3 Ng5 12. Nd2 Nb6 13. Nf1 Ne6 14.
d5 Nf4 15. Qd2 Ng6 16. Ng3 Nh4 17. Qe2 c5 18. Bc4 Bg5 19. Bb5 Qf6 20. Ra3 Qg6
21. Qh5 Qxh5 22. Nxh5 Be7 23. Ng3 Kh7 24. Rb3 Rb8 25. Be2 Nd7 26. Nb5 b6 27.
Nf1 Nf6 28. Nd2 Bd7 29. g3 Ng6 30. Kg2 Ne8 31. Bd3 Bd8 32. Nc4 Bxb5 33. Rxb5
Bc7 34. Rb3 Ne7 35. f4 g6 36. Rf1 f6 37. h4 Kg7 38. Bd2 Nc8 39. Ne3 Ne7 40. Kh3
Rd8 41. Bc3 Rh8 42. Bb5 Rg8 43. Nc4 Nc8 44. Ba6 1-0

[Event "OLOB 1920 SV Oberursel - SV 1861 Liebsc"]
[Site "?"]
[Date "2020.02.29"]
[Round "8.3"]
[White "Franke, Luca"]
[Black "Dubiel, Jacek"]
[Result "0-1"]
[WhiteElo "1944"]
[BlackElo "2417"]
[PlyCount "66"]
[EventDate "2020.??.??"]

{[%evp 0,60,29,18,20,-16,-6,0,-10,-41,-12,-12,16,0,73,38,81,-42,-30,-27,2,-8,5,
18,49,-11,-16,-42,-37,-53,-35,-45,-54,-94,-99,-91,-89,-118,-81,-63,-66,-66,-73,
-116,-59,-84,-58,-96,-89,-87,-101,-107,-108,-102,-54,-87,-92,-88,-89,-99,-99,
-106,-114]} 1. d4 d5 2. c4 e6 3. Nf3 Nf6 4. g3 dxc4 5. Bg2 c6 6. O-O b5 7. a4
Bb7 8. b3 cxb3 9. Qxb3 a6 10. Rd1 Be7 11. Ne5 Nd5 12. Bd2 O-O 13. e4 Nf6 14.
Be3 Nbd7 15. Nd3 Ng4 16. Bf4 Qb6 17. h3 Ngf6 18. Be3 c5 19. dxc5 Nxc5 20. Qb4
Rac8 21. Na3 a5 22. Qxb5 Qxb5 23. Nxb5 Nxd3 24. Rxd3 Bxe4 25. Bxe4 Nxe4 26.
Rad1 Rfd8 27. Bb6 Rxd3 28. Rxd3 Bb4 29. Rd1 h5 30. Kg2 Rc2 31. Ra1 Bc5 32. Bxc5
Nxc5 33. Nd4 Rc4 0-1

[Event "OLOB 1920 SV Oberursel - SV 1861 Liebsc"]
[Site "?"]
[Date "2020.02.29"]
[Round "8.4"]
[White "Akbarinia, Sayed Arash"]
[Black "Kitzig, Tobias"]
[Result "1-0"]
[WhiteElo "2374"]
[BlackElo "1472"]
[PlyCount "159"]
[EventDate "2020.??.??"]

{[%evp 0,39,20,-11,-10,-10,17,9,6,6,10,19,26,-9,12,-1,7,5,5,-5,3,0,20,12,8,11,
13,-18,22,-16,35,19,22,7,6,31,46,43,43,40,60,61]} 1. c4 Nf6 2. Nf3 b6 3. g3 Bb7
4. Bg2 e6 5. O-O Be7 6. b3 O-O 7. Bb2 d5 8. cxd5 exd5 9. Ne5 Nbd7 10. d4 Rc8
11. Nd2 c5 12. Rc1 Re8 13. dxc5 Bxc5 14. Nxd7 Nxd7 15. Nf3 Nf6 16. Qd3 Qe7 17.
e3 Qe4 18. Ne5 Qxd3 19. Nxd3 Be7 20. Bh3 Ra8 21. Rc7 Ba6 22. Rd1 Bb5 23. Nf4
Bd6 24. Rc2 Bxf4 25. gxf4 Rad8 26. Rc7 a5 27. a4 Be2 28. Rdc1 b5 29. Bxf6 gxf6
30. Bd7 Re4 31. Rc8 Rxc8 32. Rxc8+ Kg7 33. Bxb5 Bxb5 34. axb5 Rb4 35. Rc5 Rxb3
36. Rxd5 a4 37. Rd4 Rxb5 38. Rxa4 f5 39. Kg2 Rb3 40. Kg3 Kg6 41. Ra1 Rc3 42.
Rg1 f6 43. Re1 Ra3 44. f3 Rb3 45. Kf2 Ra3 46. e4 fxe4 47. fxe4 Rh3 48. Kg2 Ra3
49. Rg1 Kf7 50. Re1 Kg6 51. Re2 Rb3 52. e5 fxe5 53. Rxe5 Ra3 54. Rg5+ Kf6 55.
Rh5 Kg6 56. Rh3 Ra4 57. Kf3 Rb4 58. Rg3+ Kf5 59. Rg5+ Kf6 60. Ra5 Rb1 61. Kg4
Rg1+ 62. Kf3 Rb1 63. h4 Rg1 64. Rh5 Rf1+ 65. Kg3 Rg1+ 66. Kf2 Rg7 67. Kf3 Ra7
68. Kg4 Kg6 69. Rb5 Ra6 70. h5+ Kh6 71. Rb4 Ra1 72. Rb6+ Kg7 73. h6+ Kf7 74.
Kg5 Rg1+ 75. Kf5 Rh1 76. Rb7+ Kg8 77. Kg5 Rg1+ 78. Kf6 Rg6+ 79. Ke7 Rb6 80.
Rxb6 1-0

[Event "OLOB 1920 SV Oberursel - SV 1861 Liebsc"]
[Site "?"]
[Date "2020.02.29"]
[Round "8.5"]
[White "Ahmed, Daniel"]
[Black "Stork, Oliver"]
[Result "0-1"]
[WhiteElo "1923"]
[BlackElo "2367"]
[PlyCount "92"]
[EventDate "2020.??.??"]

{[%evp 0,45,20,20,20,20,20,20,21,12,12,2,8,8,37,4,4,-7,12,7,-7,-13,44,9,12,3,
32,22,36,5,20,-4,38,28,87,76,102,81,78,81,76,65,84,106,84,65,70,52]} 1. d4 Nf6
2. Nf3 d5 3. e3 e6 4. Bd3 Be7 5. Nbd2 c5 6. b3 b6 7. Qe2 Bb7 8. Bb2 Nbd7 9. O-O
O-O 10. Ne5 Ne4 11. Rad1 Nxd2 12. Rxd2 a5 13. c4 cxd4 14. Nxd7 Qxd7 15. Bxd4
Bb4 16. Rdd1 Bc5 17. Bxc5 bxc5 18. cxd5 exd5 19. Qc2 Qc6 20. Bxh7+ Kh8 21. Bf5
a4 22. f4 g6 23. Qb2+ d4 24. exd4 a3 25. Qe2 Rfe8 26. Qg4 gxf5 27. Qh4+ Kg7 28.
Rf3 Qh6 29. Rg3+ Kh7 30. Qxh6+ Kxh6 31. dxc5 Re2 32. Rd6+ Re6 33. Rd7 Bc6 34.
Rxf7 Rd8 35. h3 Rg6 36. Rxg6+ Kxg6 37. Ra7 Kh5 38. g4+ fxg4 39. hxg4+ Kxg4 40.
Rxa3 Kg3 41. b4+ Bf3 42. Rxf3+ Kxf3 43. b5 Kxf4 44. c6 Ke5 45. a4 Kd6 46. a5
Rb8 0-1

[Event "OLOB 1920 SV Oberursel - SV 1861 Liebsc"]
[Site "?"]
[Date "2020.02.29"]
[Round "8.6"]
[White "Schlamp, Robert"]
[Black "Zeidler, Andreas"]
[Result "1-0"]
[WhiteElo "2290"]
[BlackElo "2160"]
[PlyCount "67"]
[EventDate "2020.??.??"]

{[%evp 0,46,29,18,20,-16,-16,-21,-10,-40,7,-8,8,11,10,13,14,28,9,23,20,4,48,38,
44,27,30,30,23,8,18,1,3,-16,41,54,46,-4,66,48,18,18,15,5,-2,-30,-1,-26,-40]} 1.
d4 Nf6 2. c4 e6 3. Nc3 d5 4. Bg5 c6 5. e3 Nbd7 6. Nf3 Qa5 7. Bxf6 Nxf6 8. Bd3
dxc4 9. Bxc4 Bb4 10. Qc2 Nd5 11. Rc1 b5 12. Bb3 Bb7 13. O-O Nxc3 14. bxc3 Ba3
15. Rb1 c5 16. e4 O-O 17. d5 exd5 18. exd5 c4 19. Bxc4 bxc4 20. Rxb7 Qxd5 21.
Rfb1 Bc5 22. R7b5 Rac8 23. a4 Rfd8 24. h4 g6 25. Qc1 Qd3 26. Qf4 Bd6 27. Qf6
Bb8 28. Re1 Re8 29. Rbb1 Qd6 30. Qg5 Qd3 31. Qb5 Red8 32. Re3 Qd5 33. Re8+ Kg7
34. Qxd5 1-0

[Event "OLOB 1920 SV Oberursel - SV 1861 Liebsc"]
[Site "?"]
[Date "2020.02.29"]
[Round "8.7"]
[White "Kastner, Peter"]
[Black "Weber, Samuel"]
[Result "1/2-1/2"]
[WhiteElo "2126"]
[BlackElo "2336"]
[PlyCount "112"]
[EventDate "2020.??.??"]

{[%evp 0,44,29,21,10,10,19,5,15,0,0,0,6,-44,1,-5,-7,-27,-11,-17,16,9,-17,-31,4,
9,9,4,31,19,19,20,16,9,52,41,50,6,16,-37,-6,-51,-25,-25,-19,-84,-20]} 1. e4 e5
2. Nf3 Nc6 3. Bb5 a6 4. Ba4 Nf6 5. O-O Be7 6. Re1 b5 7. Bb3 d6 8. c3 O-O 9. h3
Nb8 10. d4 Nbd7 11. Nbd2 Bb7 12. Bc2 Re8 13. Nf1 Bf8 14. Ng3 g6 15. dxe5 dxe5
16. a4 h6 17. Qe2 Bc6 18. Bd2 Nb6 19. b3 bxa4 20. bxa4 Qd7 21. Red1 Qe6 22. Be1
Nfd7 23. a5 Bb5 24. Bd3 Nc4 25. Nd2 Nb2 26. Bxb5 axb5 27. Rdb1 Na4 28. Nb3 Reb8
29. Nc1 Rxa5 30. c4 b4 31. Qc2 Rba8 32. Bxb4 Bxb4 33. Rxb4 Nab6 34. Rxa5 Rxa5
35. Nb3 Ra4 36. Rxa4 Nxa4 37. Nf1 Qd6 38. Ne3 Nac5 39. Nxc5 Nxc5 40. Qb1 Kg7
41. Nd5 c6 42. Nb4 Ne6 43. Kh2 Qc5 44. Qb2 f6 45. Qd2 Nd4 46. Qc3 Nb5 47. Qd2
Nd6 48. f3 h5 49. Na6 Qd4 50. Qb4 h4 51. Qb8 Nxc4 52. Qc7+ Kh6 53. Qxc6 Nd2 54.
Qxf6 Nf1+ 55. Kh1 Ng3+ 56. Kh2 Nf1+ 1/2-1/2

[Event "OLOB 1920 SV Oberursel - SV 1861 Liebsc"]
[Site "?"]
[Date "2020.02.29"]
[Round "8.8"]
[White "Gries, Volker"]
[Black "Biel, Maik"]
[Result "1/2-1/2"]
[WhiteElo "2079"]
[BlackElo "2085"]
[PlyCount "24"]
[EventDate "2020.??.??"]

{[%evp 0,24,29,29,57,50,82,32,38,15,70,64,75,68,88,86,66,29,42,39,28,33,56,52,
40,33,33]} 1. e4 c5 2. Nf3 e6 3. d3 Nc6 4. g3 Qc7 5. Bg2 b5 6. O-O Bb7 7. Re1
d6 8. b3 Nf6 9. Bb2 Be7 10. e5 dxe5 11. Nxe5 O-O 12. Nd2 Nd4 1/2-1/2

[Event "OLOB 1920 SV Griesheim - Bad Emstal/Wol"]
[Site "?"]
[Date "2020.02.29"]
[Round "8.1"]
[White "Sivuk, Vitaly"]
[Black "Jarmula, Lukasz"]
[Result "1-0"]
[WhiteElo "2557"]
[BlackElo "2445"]
[PlyCount "71"]
[EventDate "2020.??.??"]

{[%evp 0,50,21,26,32,14,29,-13,-10,4,14,14,32,-40,-18,-22,12,-17,15,27,8,5,3,
18,19,0,25,-4,9,-1,12,-5,-15,-13,-1,-2,-26,-4,6,40,57,60,51,51,50,67,66,65,62,
68,64,72,67]} 1. d4 d5 2. Nf3 Nf6 3. c4 e6 4. e3 c5 5. Nc3 a6 6. b3 cxd4 7.
Nxd4 Bb4 8. Bd2 O-O 9. cxd5 Nxd5 10. Nxd5 Bxd2+ 11. Qxd2 Qxd5 12. Rc1 Bd7 13.
Nf3 Bc6 14. Qxd5 Bxd5 15. Nd2 Nd7 16. e4 Bc6 17. f3 Rfd8 18. Nc4 a5 19. Be2 Bb5
20. Nd6 Bc6 21. Kf2 Nb6 22. Rhd1 Rd7 23. Bb5 Bxb5 24. Nxb5 Rad8 25. Rxd7 Rxd7
26. Ke3 Kf8 27. a4 Ke7 28. Rc5 Na8 29. f4 b6 30. Rc6 Rd1 31. e5 Kd7 32. Rd6+
Rxd6 33. exd6 f6 34. Ke4 g6 35. g4 Kc6 36. g5 1-0

[Event "OLOB 1920 SV Griesheim - Bad Emstal/Wol"]
[Site "?"]
[Date "2020.02.29"]
[Round "8.2"]
[White "Tazbir, Marcin"]
[Black "Matviishen, Viktor"]
[Result "1/2-1/2"]
[WhiteElo "2509"]
[BlackElo "2494"]
[PlyCount "81"]
[EventDate "2020.??.??"]

1. e4 e5 2. Nf3 Nc6 3. Bb5 a6 4. Ba4 d6 5. Bxc6+ bxc6 6. d4 exd4 7. Qxd4 Nf6 8.
O-O Be7 9. e5 c5 10. Qd3 dxe5 11. Qxd8+ Bxd8 12. Nxe5 O-O 13. Na3 Nd5 14. Nd3
Be7 15. Re1 Bd6 16. Nc4 Bf5 17. a3 Rab8 18. Bg5 Bxd3 19. cxd3 Rfe8 20. Rxe8+
Rxe8 21. g3 Rb8 22. Rd1 f6 23. Bd2 Rb3 24. Ba5 Be5 25. Nxe5 fxe5 26. Re1 Rxd3
27. Rxe5 Kf7 28. Kf1 c6 29. Re1 Rb3 30. Re2 Rb5 31. Be1 Nb6 32. Bc3 Na4 33. Be5
g6 34. f4 Rb3 35. Rd2 c4 36. Rc2 Nb6 37. Bd4 Ke6 38. Bxb6 Rxb6 39. Rxc4 Rxb2
40. Rxc6+ Kf5 41. Rxa6 1/2-1/2

[Event "OLOB 1920 SV Griesheim - Bad Emstal/Wol"]
[Site "?"]
[Date "2020.02.29"]
[Round "8.3"]
[White "Frolov, Artur"]
[Black "Nothnagel, Marian Can"]
[Result "1-0"]
[WhiteElo "2420"]
[BlackElo "2363"]
[PlyCount "115"]
[EventDate "2020.??.??"]

{[%evp 0,83,18,8,8,23,75,75,75,73,57,60,61,36,48,49,57,46,62,34,54,43,31,19,25,
25,58,28,28,18,42,52,44,50,52,47,54,36,22,47,29,55,43,19,110,24,89,1,34,-28,
-30,-83,-62,-219,-237,-239,-248,-314,-157,-142,-146,-140,-151,-209,-212,-298,
-194,-282,-210,-226,-223,-273,-305,-844,-278,-278,-263,-308,-308,-315,-273,
-272,-267,-285,-270,-286]} 1. e4 e5 2. Nf3 d6 3. d4 exd4 4. Nxd4 Nf6 5. Nc3 Be7
6. Be2 O-O 7. O-O Re8 8. Re1 Bf8 9. Bf1 c6 10. Bg5 Nbd7 11. Qd2 h6 12. Bh4 Ne5
13. f3 Bd7 14. a4 Ng6 15. Bf2 d5 16. exd5 Rxe1 17. Rxe1 cxd5 18. Bd3 Bb4 19.
Nf5 Bxa4 20. Bd4 Be8 21. g4 Bf8 22. h4 Nh7 23. Qh2 Bd7 24. h5 Bxf5 25. gxf5 Ng5
26. Kf2 Bd6 27. Qh1 Nf4 28. Ne2 Ngh3+ 29. Kf1 Qg5 30. Nxf4 Nxf4 31. f6 Nxh5 32.
Bf2 Nxf6 33. Qh3 a6 34. Bd4 Rd8 35. Kf2 Nh5 36. Rg1 Nf4 37. Qf5 Qxf5 38. Bxf5
g6 39. Be3 Kf8 40. Bxf4 Bxf4 41. Bd3 Be5 42. Rb1 f5 43. b4 b5 44. Rb3 Kf7 45.
Ke3 Kf6 46. f4 Bb8 47. Ra3 Rd6 48. Kf3 g5 49. Rc3 g4+ 50. Kg3 Re6 51. Rc8 Re3+
52. Kf2 Bxf4 53. Rf8+ Kg6 54. Bxf5+ Kg5 55. Bd3 Rf3+ 56. Kg2 Kh4 57. Rf6 h5 58.
Rxa6 1-0

[Event "OLOB 1920 SV Griesheim - Bad Emstal/Wol"]
[Site "?"]
[Date "2020.02.29"]
[Round "8.4"]
[White "Grabarczyk, Miroslaw"]
[Black "Shkuran, Danylo"]
[Result "1/2-1/2"]
[WhiteElo "2369"]
[BlackElo "2329"]
[PlyCount "20"]
[EventDate "2020.??.??"]

1. d4 d5 2. c4 c6 3. cxd5 cxd5 4. Nc3 Nf6 5. Bf4 Nc6 6. e3 a6 7. Be2 e6 8. Nf3
Be7 9. h3 O-O 10. O-O Bd7 1/2-1/2

[Event "OLOB 1920 SV Griesheim - Bad Emstal/Wol"]
[Site "?"]
[Date "2020.02.29"]
[Round "8.5"]
[White "Skliarov, Viktor"]
[Black "Braun, Vitali"]
[Result "1/2-1/2"]
[WhiteElo "2375"]
[BlackElo "2356"]
[PlyCount "55"]
[EventDate "2020.??.??"]

{[%evp 0,29,32,11,37,36,28,14,0,-6,17,-1,4,-14,-3,-51,11,8,8,8,8,5,33,-13,-29,
-29,9,-53,-4,-48,-64,-79]} 1. e4 e6 2. d4 d5 3. e5 c5 4. c3 Nc6 5. Nf3 Bd7 6.
a3 f6 7. Bb5 fxe5 8. Bxc6 Bxc6 9. Nxe5 Nf6 10. Qe2 Qb6 11. O-O Bb5 12. c4 dxc4
13. a4 Ba6 14. Nxc4 Qc6 15. Nc3 cxd4 16. Nb5 Bc5 17. Ne5 Bxb5 18. axb5 Qd5 19.
Nd3 Bd6 20. b6 a6 21. Ra5 Qxa5 22. Qxe6+ Be7 23. Re1 Ng8 24. b4 Qb5 25. Ne5
Qxb4 26. Qf7+ Kd8 27. Qd5+ Ke8 28. Qf7+ 1/2-1/2

[Event "OLOB 1920 SV Griesheim - Bad Emstal/Wol"]
[Site "?"]
[Date "2020.02.29"]
[Round "8.6"]
[White "De Visser, Leon"]
[Black "Tiba, Vladyslav"]
[Result "1-0"]
[WhiteElo "2221"]
[BlackElo "2364"]
[PlyCount "47"]
[EventDate "2020.??.??"]

1. d4 Nf6 2. Bf4 g6 3. Nc3 d5 4. e3 Bg7 5. h4 h5 6. Nf3 O-O 7. Ne5 c5 8. dxc5
Qa5 9. Qd2 Qxc5 10. O-O-O Bf5 11. f3 Nc6 12. Nxc6 bxc6 13. Na4 Qxc2+ 14. Qxc2
Bxc2 15. Kxc2 Ne8 16. e4 e5 17. Bg5 Nc7 18. Kb1 f6 19. Be3 Rfc8 20. Rc1 Ne6 21.
Ba6 Rc7 22. Nc5 Nxc5 23. Bxc5 Rd8 24. Bb4 1-0

[Event "OLOB 1920 SV Griesheim - Bad Emstal/Wol"]
[Site "?"]
[Date "2020.02.29"]
[Round "8.7"]
[White "Larkin, Vladyslav"]
[Black "Koehler, Ronald"]
[Result "1-0"]
[WhiteElo "2392"]
[BlackElo "2215"]
[PlyCount "131"]
[EventDate "2020.??.??"]

{[%evp 0,27,32,20,29,20,27,24,24,38,42,42,38,46,48,39,34,3,3,14,20,26,21,35,47,
45,50,46,46,49]} 1. d4 Nf6 2. Nf3 e6 3. Bf4 c5 4. e3 cxd4 5. exd4 Be7 6. Nbd2
b6 7. h3 O-O 8. Bh2 Bb7 9. Bd3 d6 10. Qe2 Nc6 11. c3 Re8 12. O-O Bf8 13. Rfe1
e5 14. dxe5 Nxe5 15. Nxe5 dxe5 16. Bc4 e4 17. Nf1 a6 18. Rad1 Qc8 19. Ne3 Bc5
20. Bb3 b5 21. Bg3 Qc6 22. Bh4 h6 23. Bxf6 Qxf6 24. Rd7 Re7 25. Rxb7 Rxb7 26.
Bd5 Qb6 27. Bxe4 Re8 28. Bxb7 Bxe3 29. fxe3 Qxb7 30. Qg4 Qd5 31. a3 Re6 32. Qd4
Qg5 33. Re2 Rg6 34. Rf2 Re6 35. Rf4 Qe7 36. Rg4 f5 37. Rg3 Kh8 38. Rf3 Rd6 39.
Qf4 Rd1+ 40. Rf1 Rxf1+ 41. Kxf1 Qd7 42. Qd4 Qe6 43. Kf2 Qb3 44. Qd2 Kh7 45. Kf3
Qc4 46. Qc2 Qf1+ 47. Kg3 Kh8 48. b3 Qa1 49. a4 bxa4 50. bxa4 Qa3 51. Kf3 Qc5
52. c4 a5 53. Qb3 Qe5 54. Qb7 Qe8 55. c5 Qh5+ 56. Kf2 Qh4+ 57. Kg1 Qg5 58. Qb8+
Kh7 59. Qe5 Qg6 60. Kh2 h5 61. Qd6 Qg5 62. c6 Qxe3 63. c7 f4 64. Qd1 Qc5 65.
Qd3+ Kh6 66. Qa6+ 1-0

[Event "OLOB 1920 SV Griesheim - Bad Emstal/Wol"]
[Site "?"]
[Date "2020.02.29"]
[Round "8.8"]
[White "Flach, Erich"]
[Black "Shankovskyi, Andrii"]
[Result "0-1"]
[WhiteElo "2073"]
[BlackElo "2404"]
[PlyCount "70"]
[EventDate "2020.??.??"]

1. c4 e5 2. g3 Nc6 3. Nc3 g6 4. Bg2 Bg7 5. e3 d6 6. d3 Nge7 7. Nge2 Be6 8. Nd5
Qd7 9. Rb1 Rc8 10. b4 O-O 11. O-O Bg4 12. b5 Nd8 13. Nxe7+ Qxe7 14. h3 Bd7 15.
Nc3 c6 16. bxc6 bxc6 17. Bd2 Ne6 18. Qe2 Rb8 19. Rfc1 f5 20. Rxb8 Rxb8 21. Rb1
Rxb1+ 22. Nxb1 Qd8 23. Bc3 Qb6 24. Qb2 Nc5 25. Qxb6 axb6 26. d4 Na4 27. Ba1 Kf7
28. Nd2 exd4 29. exd4 Ke7 30. Kf1 c5 31. Nb3 Be6 32. dxc5 Bxc4+ 33. Ke1 Bxa1
34. cxb6 Bc3+ 35. Kd1 Nxb6 0-1

[Event "OLOB 1920 Wiesbadener SV 1885 - SK Marb"]
[Site "?"]
[Date "2020.02.29"]
[Round "8.1"]
[White "Dorst, Johannes"]
[Black "Baskin, Robert"]
[Result "1/2-1/2"]
[WhiteElo "2253"]
[BlackElo "2381"]
[PlyCount "81"]
[EventDate "2020.??.??"]

{[%evp 0,40,20,11,56,46,46,27,74,32,35,19,19,-34,-34,-25,-6,-5,-5,1,-19,-18,10,
19,-3,-1,24,-22,-31,-32,-30,-41,-32,-34,-24,-30,-28,-43,-63,-39,-50,-50,98]} 1.
e4 c5 2. Nf3 Nc6 3. Bb5 g6 4. Bxc6 bxc6 5. O-O Bg7 6. c3 Nf6 7. Re1 d6 8. d4
cxd4 9. cxd4 O-O 10. Nc3 Qc7 11. e5 dxe5 12. dxe5 Rd8 13. Qe2 Nd5 14. Nxd5 Rxd5
15. h3 c5 16. Bd2 Qc6 17. Bc3 Bb7 18. Qe3 Rad8 19. Rac1 Rd3 20. Qf4 Bh6 21.
Qxh6 Rxf3 22. Qg5 Rdd3 23. Re3 Rfxe3 24. fxe3 h6 25. Qg4 Rxe3 26. Rc2 h5 27.
Qg5 Rd3 28. Qxe7 Rg3 29. Qd8+ Kh7 30. Qd2 h4 31. Qf2 Qd5 32. Rd2 Qxa2 33. Qf6
Qb1+ 34. Kh2 Qe4 35. Qxf7+ Kh6 36. Qf8+ Kh5 37. Qh8+ Kg5 38. Qf6+ Kh5 39. Qh8+
Kg5 40. Qf6+ Kh5 41. Qh8+ 1/2-1/2

[Event "OLOB 1920 Wiesbadener SV 1885 - SK Marb"]
[Site "?"]
[Date "2020.02.29"]
[Round "8.2"]
[White "Geske, Julian"]
[Black "Rolle, Eric"]
[Result "1/2-1/2"]
[WhiteElo "2376"]
[BlackElo "2211"]
[PlyCount "83"]
[EventDate "2020.??.??"]

1. e4 d5 2. exd5 Qxd5 3. Nf3 Bg4 4. Be2 Nc6 5. h3 Bh5 6. d4 e6 7. c4 Qd7 8. Be3
Rd8 9. Nbd2 Bxf3 10. Nxf3 Bb4+ 11. Kf1 Be7 12. Qb3 Qc8 13. Rd1 Nf6 14. g3 O-O
15. Kg2 Rfe8 16. Ne5 Nxe5 17. dxe5 Nd7 18. Qc3 b6 19. h4 a5 20. Bg5 Nc5 21.
Rxd8 Bxd8 22. Qd4 h6 23. Be3 Be7 24. Bh5 Rf8 25. b3 Kh7 26. Bf3 Rd8 27. Qf4 Kg8
28. Qg4 Kh8 29. Qf4 Kg8 30. Qg4 Kh8 31. Rd1 Rxd1 32. Bxd1 Qa8+ 33. f3 Nd3 34.
Qd4 Qd8 35. Qxd8+ Bxd8 36. f4 Be7 37. Kf3 Bc5 38. Bd2 Nb4 39. a3 Nc6 40. Bc1 h5
41. Ke4 g6 42. Bb2 1/2-1/2

[Event "OLOB 1920 Wiesbadener SV 1885 - SK Marb"]
[Site "?"]
[Date "2020.02.29"]
[Round "8.3"]
[White "Alber, Horst"]
[Black "Dubkov, Andrej"]
[Result "1/2-1/2"]
[WhiteElo "2269"]
[BlackElo "2335"]
[PlyCount "80"]
[EventDate "2020.??.??"]

{[%evp 0,31,20,13,27,-13,44,35,54,49,61,44,26,54,32,30,28,28,59,19,13,20,24,8,
21,15,32,8,37,5,18,28,39,-32]} 1. d4 Nf6 2. c4 g6 3. Nc3 d5 4. cxd5 Nxd5 5. Bd2
Bg7 6. Nf3 O-O 7. e4 Nxc3 8. Bxc3 c5 9. d5 Bxc3+ 10. bxc3 Bg4 11. Qd2 Bxf3 12.
gxf3 e6 13. dxe6 Qxd2+ 14. Kxd2 fxe6 15. Ke3 Nc6 16. h4 Rf6 17. Be2 Raf8 18.
Rh3 h6 19. Rb1 b6 20. Rd1 Ne5 21. a4 Kg7 22. a5 bxa5 23. Rb1 a4 24. Rb5 a3 25.
Rxc5 a2 26. Rc7+ R8f7 27. Rxf7+ Rxf7 28. Rh1 g5 29. hxg5 hxg5 30. Ra1 Rc7 31.
Rxa2 Kf6 32. Kd2 Nd7 33. c4 Nc5 34. Kc3 g4 35. Kd4 Nb3+ 36. Ke3 gxf3 37. Kxf3
Nd4+ 38. Ke3 Nxe2 39. Kxe2 Rxc4 40. Rxa7 Rxe4+ 1/2-1/2